Statistiken für Länder mit dem Buchstaben E als zweitem Buchstaben

Klicken Sie hier um das Quiz zu spielen!

Allgemein

  • Dieses Quiz wurde 1.067 mal gespielt
  • Das Durchschnittsergebnis liegt bei 15 aus 24

Antwortstatistiken

Land% Korrekt
Belgien
88%
Deutschland
86%
Senegal
77%
Kenia
75%
Peru
75%
Neuseeland
74%
Vereinigtes
Königreich
74%
Jemen
73%
Vereinigte Staaten
73%
Benin
72%
Lettland
72%
Serbien
70%
Vereinigte
Arabische Emirate
69%
Weißrussland
69%
Belize
68%
Venezuela
68%
Lesotho
65%
Mexiko
64%
Georgien
54%
Nepal
53%
Seychellen
47%
Demokratische
Republik Kongo
28%
Republik Kongo
28%
Zentral­afrikanische
Republik
17%

Verteilung der Resultate

Perzentil nach korrekt beantworteten Fragen

Anzahl Personen mit jedem Resultat

Ihre Resultats-Entwicklung

Sie haben dieses Quiz noch nicht gespielt